Radio tracer technique for agriculturist and biologists (Record no. 42927)
[ view plain ]
| 000 -LEADER | |
|---|---|
| fixed length control field | 00382nam a2200133Ia 4500 |
| 020 ## - INTERNATIONAL STANDARD BOOK NUMBER | |
| ISBN | 108189422979 |
| 082 ## - DEWEY DECIMAL CLASSIFICATION NUMBER | |
| Classification number | 57.088.6:63 |
| Item number | GOL |
| 100 ## - MAIN ENTRY--AUTHOR NAME | |
| Personal name | Golakiya, B A |
| 245 #0 - TITLE STATEMENT | |
| Title | Radio tracer technique for agriculturist and biologists |
| 260 ## - PUBLICATION, DISTRIBUTION, ETC. (IMPRINT) | |
| Place of publication | New Delhi |
| Name of publisher | New India Publishing Agency |
| Year of publication | 2008 |
| 650 ## - SUBJECT ADDED ENTRY--TOPICAL TERM | |
| Topical Term | Radioisotopes |
| 942 ## - ADDED ENTRY ELEMENTS (KOHA) | |
| Koha item type | Books |
| Withdrawn status | Lost status | Damaged status | Not for loan | Home library | Current library | Date acquired | Cost, normal purchase price | Full call number | Accession Number | Koha item type |
|---|---|---|---|---|---|---|---|---|---|---|
| RRII Library | RRII Library | 16/12/2021 | 850.00 | 57.088.6:63 GOL | 23191 | Books |